|
|
|
|
| LEADER |
03173nam a2200781 i 4500 |
| 001 |
nkc20182976943 |
| 003 |
CZ PrNK |
| 005 |
20240822151047.0 |
| 007 |
ta |
| 008 |
180327s2018 xr ac e c 000 0 cze |
| 015 |
|
|
|a cnb002976943
|
| 020 |
|
|
|a 978-80-270-3437-6
|q (brožováno)
|
| 035 |
|
|
|a (OCoLC)1035456217
|
| 040 |
|
|
|a ABA001
|b cze
|d OLA001
|e rda
|
| 041 |
1 |
|
|a cze
|a eng
|h cze
|
| 043 |
|
|
|a e-xr---
|b e-xr-pg
|2 czenas
|
| 045 |
|
|
|a x-y-
|
| 072 |
|
7 |
|a 72/76
|x Výtvarné umění
|2 Konspekt
|9 21
|
| 080 |
|
|
|a 72/76:069
|2 MRF
|
| 080 |
|
|
|a 72/76:069.9
|2 MRF
|
| 080 |
|
|
|a 72/76
|2 MRF
|
| 080 |
|
|
|a 7.05
|2 MRF
|
| 080 |
|
|
|a 7.036/.038
|2 MRF
|
| 080 |
|
|
|a (437.311)
|2 MRF
|
| 080 |
|
|
|a (083.824)
|2 MRF
|
| 245 |
0 |
0 |
|a 5KV :
|b 5 let umění a designu v Kvalitáři = 5 years of art and design in Kvalitář Gallery : 6/10-22/11/2017 /
|c autoři textů a rozhovorů k výstavě 5KV: Monika Čejková, Adam Štěch ; překlad: Gwendolyn Albert, Kryštof Hejný, Vladimíra Šefranka Žáková
|
| 246 |
3 |
|
|a Pět let umění a designu v Kvalitáři
|
| 246 |
3 |
0 |
|a 5 let umění a designu v Kvalitáři
|
| 246 |
3 |
0 |
|a 5 years of art and design in Kvalitář Gallery
|
| 250 |
|
|
|a První vydání
|
| 264 |
|
1 |
|a Praha :
|b Kvalitář,
|c 2018
|
| 300 |
|
|
|a 212 stran :
|b ilustrace (převážně barevné), portréty ;
|c 22 cm
|
| 336 |
|
|
|a text
|b txt
|2 rdacontent
|
| 336 |
|
|
|a statický obraz
|b sti
|2 rdacontent
|
| 337 |
|
|
|a bez média
|b n
|2 rdamedia
|
| 338 |
|
|
|a svazek
|b nc
|2 rdacarrier
|
| 500 |
|
|
|a Katalog vyšel při příležitosti stejnojmenné výstavy
|
| 500 |
|
|
|a 300 výtisků
|
| 546 |
|
|
|a Souběžný anglický text
|
| 610 |
2 |
7 |
|a Galerie Kvalitář (Praha, Česko)
|7 ko2016901368
|2 czenas
|
| 648 |
|
7 |
|a 21. století
|7 ch460559
|2 czenas
|
| 648 |
|
7 |
|a 2011-2020
|7 ch460589
|2 czenas
|
| 648 |
|
4 |
|a 2012-2017
|
| 648 |
|
7 |
|a 20.-21. století
|7 ch462155
|2 czenas
|
| 650 |
0 |
7 |
|a galerie
|7 ph120462
|z Česko
|y 21. století
|2 czenas
|
| 650 |
0 |
7 |
|a umělecké výstavy
|7 ph135854
|z Česko
|y 2011-2020
|2 czenas
|
| 650 |
0 |
7 |
|a výtvarné umění
|7 ph116708
|y 20.-21. století
|2 czenas
|
| 650 |
0 |
7 |
|a design
|7 ph114303
|y 20.-21. století
|2 czenas
|
| 650 |
0 |
7 |
|a moderní umění
|7 ph115340
|2 czenas
|
| 650 |
0 |
9 |
|a art galleries
|z Czechia
|y 21st century
|2 eczenas
|
| 650 |
0 |
9 |
|a art exhibitions
|z Czechia
|y 2011-2020
|2 eczenas
|
| 650 |
0 |
9 |
|a art
|y 20th-21st centuries
|2 eczenas
|
| 650 |
0 |
9 |
|a design
|y 20th-21st centuries
|2 eczenas
|
| 650 |
0 |
9 |
|a modern art
|2 eczenas
|
| 651 |
|
7 |
|a Praha (Česko)
|7 ge118011
|2 czenas
|
| 651 |
|
9 |
|a Prague (Czechia)
|2 eczenas
|
| 655 |
|
7 |
|a katalogy výstav
|7 fd132536
|2 czenas
|
| 655 |
|
9 |
|a exhibition catalogs
|2 eczenas
|
| 700 |
1 |
|
|a Čejková, Monika
|4 aut
|
| 700 |
1 |
|
|a Štěch, Adam,
|d 1986-
|7 ola2013740110
|4 aut
|
| 700 |
1 |
|
|a Albert, Gwendolyn,
|d 1967-
|7 xx0044642
|4 trl
|
| 700 |
1 |
|
|a Hejný, Kryštof,
|d 1991-
|7 ola20221163326
|4 trl
|
| 700 |
1 |
|
|a Šefranka Žáková, Vladimíra,
|d 1961-
|7 jx20050707064
|4 trl
|
| 710 |
2 |
|
|a Galerie Kvalitář (Praha, Česko)
|7 ko2016901368
|4 orm
|
| 910 |
2 |
|
|a BOA001
|b 2-1406.268
|
| 990 |
|
|
|a BK
|
| 995 |
|
|
|a 01
|
| 996 |
6 |
|
|b 2610740480
|c 2-1406.268
|l MZK
|r Sklad / do 1 hodiny
|n 0
|p p.v.
|w 001660220
|u 000010
|a 1
|e BOA001
|j MZK50
|s P
|